000 01450nam a2200337 4500
003 EG-GICUC
005 20260121101100.0
008 251028s1972 ua ||||fr|||| 000 0 ara d
017 _a19724312
040 _a EG-GICUC
_bara
_c EG-GICUC
_d EG-GICUC
_erda
041 0 _aara
082 0 4 _221
_a343.314
_bر ء . م
092 0 4 _221
099 _aLaw1 10 343.314 ر ء . م 1
100 0 _aرؤوف عبيد.
_eمؤلف.
245 1 2 _aالمشكلات العملية الهامة في الإجراءات الجنائية.
_nالجزء الأول /
_cتاليف الدكتور رؤوف عبيد.
250 _aطبعة ثانية.
264 1 _aالقاهرة :
_bدار الفكر العربي،
_c[غيرمحدد].
300 _a771 صفحة :
_bصفحات غير مرقمة ؛
_c24 سم.
336 _2rda content
_atext
337 _2rda media
_aComputer
338 _2rda carrier
_aOnline Resource
504 _aيشتمل على إرجاعات ببليوجرافية.
505 _aدراسات في تكييف الواقعة. القبض و التفتيش. حق الدفاع. استظهار قصد القتل . دعوي البلاغ الكاذب. الدعوة المدنية.
546 _aالنص باللغة العربية
650 1 _aذاتية الإجراءات الجنائية
_2qrmak
651 1 _2qrmak
856 4 0 _uhttps://fll.law.cu.edu.eg/fulltext/bks/B10-05420.pdf
905 _aOmar
942 _2ddc
_n0
_cBK
_e21
999 _c38316
_d38316